LEADER 00775nam0-22002771i-450- 001 990002547530403321 035 $a000254753 035 $aFED01000254753 035 $a(Aleph)000254753FED01 035 $a000254753 100 $a20000920d1965----km-y0itay50------ba 101 0 $aENG 200 1 $aGeneral of Functions and Integration$fAngus E. Taylor. 210 $aNew York$cBlaisdell$d1965. 215 $axvi, 437 p.$d27 cm 610 0 $aTeoria della misura e dell'integrazione 676 $a519 700 1$aTaylor,$bAngus E.$041773 801 0$aIT$bUNINA$gRICA$2UNIMARC 901 $aBK 912 $a990002547530403321 952 $aMIX-C-43$b037164$fMAS 959 $aMAS 996 $aGeneral of Functions and Integration$9437534 997 $aUNINA DB $aING01 LEADER 00821nam0 2200253 450 001 000028721 005 20110923080424.0 100 $a20110919d1926----km-y0itaa50------ba 101 0 $aita 102 $aIT 200 1 $aAsoko$fGiuseppe De Lorenzo 210 $aNapoli$cRicciardi$d1926 215 $a93 p.$d20 cm. 700 1$aDe Lorenzo,$bGiuseppe$f<1871-1957>$02256 801 0$aIT$bUniversità della Basilicata - B.I.A.$gRICA$2unimarc 912 $a000028721 996 $aAsoko$995707 997 $aUNIBAS BAS $aLETTERE CAT $aEXT012$b20$c20110919$lBAS01$h1302 CAT $aATR$b20$c20110922$lBAS01$h1317 CAT $aATR$b20$c20110923$lBAS01$h0804 FMT Z30 -1$lBAS01$LBAS01$mBOOK$1BASA1$APolo Storico-Umanistico$2FDEP2$BFondo De Pilato Biscione$3FD/109460$6109460$5L109460$820110920$f52$FRari